Taxpayer to taxsaver: (Record no. 143232)

MARC details
000 -LEADER
fixed length control field 00798nam a22002057a 4500
005 - DATE AND TIME OF LATEST TRANSACTION
control field 20170810144328.0
020 ## - INTERNATIONAL STANDARD BOOK NUMBER
International Standard Book Number 9788170949763
Terms of availability 399.00
035 ## - SYSTEM CONTROL NUMBER
System control number B-666105
037 ## - SOURCE OF ACQUISITION
Stock number dpl
Source of stock number/acquisition Pragati/Ven
082 ## - DEWEY DECIMAL CLASSIFICATION NUMBER
Classification number 336.242
100 ## - MAIN ENTRY--PERSONAL NAME
Personal name Shanbhag, A.N.
245 ## - TITLE STATEMENT
Title Taxpayer to taxsaver:
Statement of responsibility, etc by A N. Shanbhag [and] Sandeep Shanbhag
250 ## - EDITION STATEMENT
Edition statement 24th ed
260 ## - PUBLICATION, DISTRIBUTION, ETC. (IMPRINT)
Place of publication, distribution, etc New Delhi
Name of publisher, distributor, etc Vision Books
Date of publication, distribution, etc 2016
270 ## - ADDRESS
Address 24 Feroze Gandhi Road, Lajpat Nagar-3
City New Delhi
Postal code 110024
Telephone number +91-1129840821/22
Fax number -
Electronic mail address -
300 ## - PHYSICAL DESCRIPTION
Extent 248p.:
Other physical details ill.
Dimensions 22cm(pbk)
700 ## - ADDED ENTRY--PERSONAL NAME
Personal name Shanbhag, Sandeep
942 ## - ADDED ENTRY ELEMENTS (KOHA)
Source of classification or shelving scheme Dewey Decimal Classification
Item type English Books
Classification part 336.242
Call number suffix SHA
Holdings
Withdrawn status Lost status Not for loan Collection code Home library Current library Date acquired Source of acquisition Cost, normal purchase price Full call number Barcode Copy number Cost, replacement price Koha item type
      Non-fiction Ashok Vihar Ashok Vihar 10/08/2017 BPPD/EN/2016-17/AV/2016-17/399/15.2.2017/557/28.2.2017/ 10.3.2017 399.00 336.242 SHA B-666105 1 399.00 English Books

© Delhi Public Library
Hit Counter
free hit counter